[Event "Satka Autumn op (Women)"]
[Site "Satka"]
[Date "2019.09.24"]
[Round "6"]
[White "Makarenko, Alexandra"]
[Black "Borisova, Ekaterina"]
[Result "0-1"]
[WhiteElo "2169"]
[BlackElo "2307"]
[PlyCount "84"]
[EventDate "2019.09.19"]
[EventType "swiss"]
[EventRounds "9"]
[EventCountry "RUS"]
[SourceTitle "EXT 2020"]
[Source "ChessBase"]
[SourceDate "2019.10.17"]
[SourceVersion "1"]
[SourceVersionDate "2019.10.17"]
[SourceQuality "1"]

1. e4 c5 2. Nf3 d6 3. d4 cxd4 4. Nxd4 Nf6 5. Nc3 a6 6. Be2 e5 7. Nf3 Be6 8. Bg5 Nbd7 9. 0-0 Be7 10. Qd2 0-0 11. Rfd1 b5 12. Bxf6 Nxf6 13. a4 b4 14. Nd5 Nxe4 15. Qxb4 Bxd5 16. Rxd5 Nf6 17. Rdd1 Qc7 18. Qc4 Qb7 19. Qa2 Qe4 20. Qc4 Qb7 21. Qa2 Rac8 22. c3 a5 23. Bc4 Qe4 24. Bd5 Qf4 25. g3 Qg4 26. Ne1 h5 27. Ng2 h4 28. Ne3 Qg5 29. Bg2 Bd8 30. Rxd6 Be7 31. gxh4 Qh5 32. Ra6 Bc5 33. Re1 Rfd8 34. Nd5 Ng4 35. Rf1 Qxh4 36. h3 Nxf2 37. Kh2 Rxd5 38. Rxf2 Qxf2 39. Qxd5 Qf4+ 40. Kh1 Qc1+ 41. Kh2 Bg1+ 42. Kg3 Qf4# 0-1

[Event "Titled Tuesday intern op 6th Aug"]
[Site "Chess.com INT"]
[Date "2019.08.06"]
[Round "1"]
[White "Sabuk, Piotr"]
[Black "Makarenko, Alexandra"]
[Result "1-0"]
[WhiteElo "2396"]
[BlackElo "2169"]
[PlyCount "71"]
[EventDate "2019.08.06"]
[EventType "swiss (blitz)"]
[EventRounds "10"]
[EventCountry "USA"]
[SourceTitle "EXT 2021"]
[Source "ChessBase"]
[SourceDate "2020.10.23"]
[SourceVersion "1"]
[SourceVersionDate "2020.10.23"]
[SourceQuality "1"]

1. d4 Nf6 2. c4 g6 3. Nc3 Bg7 4. e4 d6 5. Nf3 0-0 6. h3 Na6 7. Be3 c5 8. d5 Nd7 9. Be2 Ne5 10. Nd2 f5 11. f4 Nf7 12. 0-0 fxe4 13. Ndxe4 h6 14. Bg4 Nc7 15. f5 gxf5 16. Bxf5 Bxf5 17. Rxf5 Ne5 18. Rxf8+ Qxf8 19. Qe2 Qf5 20. Ng3 Qg6 21. Nce4 Rf8 22. Rf1 Rxf1+ 23. Qxf1 h5 24. b3 e6 25. dxe6 Nxe6 26. Nf5 Kh7 27. Nexd6 Nd4 28. Bxd4 b6 29. Bxe5 Bxe5 30. Ne4 h4 31. Qf3 Qe8 32. Nfd6 Bd4+ 33. Kf1 Qe5 34. Qf5+ Kg7 35. Qxe5+ Bxe5 36. Nf5+ 1-0

[Event "Titled Tuesday intern op 4th June"]
[Site "Chess.com INT"]
[Date "2019.06.04"]
[Round "1"]
[White "Makarenko, Alexandra"]
[Black "Arman, Deniz"]
[Result "0-1"]
[WhiteElo "2169"]
[BlackElo "2367"]
[PlyCount "72"]
[EventDate "2019.06.04"]
[EventType "swiss (blitz)"]
[EventRounds "10"]
[EventCountry "USA"]
[SourceTitle "EXT 2021"]
[Source "ChessBase"]
[SourceDate "2020.10.23"]
[SourceVersion "1"]
[SourceVersionDate "2020.10.23"]
[SourceQuality "1"]

1. e4 c5 2. Nf3 d6 3. d4 cxd4 4. Nxd4 Nf6 5. Nc3 g6 6. f3 Bg7 7. Be3 Nc6 8. Qd2 0-0 9. 0-0-0 d5 10. exd5 Nxd5 11. Nxc6 bxc6 12. Nxd5 cxd5 13. Qxd5 Qc7 14. Bd3 Rb8 15. b3 Qc3 16. Qc4 Qb2+ 17. Kd2 Be6 18. Qa4 Rfd8 19. Ke2 Rbc8 20. Rhe1 Rxc2+ 21. Bxc2 Qxc2+ 22. Rd2 Rxd2+ 23. Bxd2 Bc3 24. Qe8+ Kg7 25. Rd1 Qxa2 26. Qxe7 Bxb3 27. Ke3 Bf6 28. Bc3 Bxc3 29. Rd3 Bf6 30. Qd7 Be6 31. Qb5 Bc4 32. Qb8 Bxd3 33. Kxd3 Qxg2 34. Qxa7 Qxf3+ 35. Kc2 Qe4+ 36. Kd1 Qd4+ 0-1

[Event "Wch Blitz (Women)"]
[Site "St Petersburg"]
[Date "2018.12.30"]
[Round "17"]
[White "Makarenko, Alexandra"]
[Black "Tevzadze, Mariam"]
[Result "0-1"]
[WhiteElo "2228"]
[BlackElo "1967"]
[PlyCount "82"]
[EventDate "2018.12.29"]
[EventType "swiss (blitz)"]
[EventRounds "17"]
[EventCountry "RUS"]
[SourceTitle "CBM 187 Extra"]
[Source "ChessBase"]
[SourceDate "2018.11.04"]
[SourceVersion "1"]
[SourceVersionDate "2018.11.04"]
[SourceQuality "1"]

1. e4 d6 2. d4 Nf6 3. Nc3 Nbd7 4. f4 c5 5. d5 g6 6. Nf3 Bg7 7. Bd3 a6 8. a4 0-0 9. 0-0 Ne8 10. Qe1 Rb8 11. a5 b5 12. axb6 Nxb6 13. Na4 c4 14. Be2 Nxa4 15. Rxa4 Qb6+ 16. Qf2 Qxf2+ 17. Kxf2 Bxb2 18. Bxc4 Nf6 19. Bd3 Bxc1 20. Rxc1 Bd7 21. Rxa6 Rb4 22. Ra7 Rd8 23. c4 Kf8 24. h3 Rb3 25. Ke2 Nh5 26. Bc2 Rc3 27. Kd2 Rxc4 28. Ke3 Bb5 29. g4 Rc3+ 30. Kf2 Nxf4 31. Raa1 Rdc8 32. Ne1 Nd3+ 33. Nxd3 Bxd3 34. Bxd3 Rxc1 35. Rxc1 Rxc1 36. Ke2 Rh1 37. Bb5 Rxh3 38. Bd7 Rg3 39. Kf2 Rc3 40. Ke2 Kg7 41. Kf2 Kf6 0-1

[Event "Wch Rapid (Women)"]
[Site "St Petersburg"]
[Date "2018.12.28"]
[Round "12"]
[White "Makarenko, Alexandra"]
[Black "Kirchei, Viktoriia"]
[Result "1-0"]
[WhiteElo "2228"]
[BlackElo "1972"]
[PlyCount "83"]
[EventDate "2018.12.26"]
[EventType "swiss (rapid)"]
[EventRounds "12"]
[EventCountry "RUS"]
[SourceTitle "CBM 187 Extra"]
[Source "ChessBase"]
[SourceDate "2018.11.04"]
[SourceVersion "1"]
[SourceVersionDate "2018.11.04"]
[SourceQuality "1"]

1. e4 c5 2. Nf3 Nc6 3. d4 cxd4 4. Nxd4 g6 5. c4 Bg7 6. Nc2 d6 7. Be2 Be6 8. 0-0 Rc8 9. Ne3 Nd4 10. Nd5 Bxd5 11. exd5 Nxe2+ 12. Qxe2 Qc7 13. Na3 Nf6 14. Re1 0-0 15. Bg5 Rfe8 16. Rac1 a6 17. b3 Qa5 18. Nb1 Nd7 19. a3 Qb6 20. b4 a5 21. Be3 Qc7 22. Red1 b6 23. h3 axb4 24. axb4 Ne5 25. Na3 Qb7 26. Nb5 Ra8 27. Bd4 Ra4 28. f4 Bh6 29. fxe5 Bxc1 30. Rxc1 dxe5 31. Qxe5 f6 32. Qe6+ Kf8 33. Be3 g5 34. Bxg5 Kg7 35. Bxf6+ exf6 36. Qxe8 Ra2 37. Re1 Qa6 38. Qe7+ Kg6 39. Qe4+ Kg7 40. Qg4+ Kf7 41. Nd6+ Kf8 42. Re8# 1-0

[Event "Titled Tuesday intern op 4th Dec"]
[Site "Chess.com INT"]
[Date "2018.12.04"]
[Round "2"]
[White "Green, Andrew"]
[Black "Makarenko, Alexandra"]
[Result "1-0"]
[WhiteElo "2118"]
[BlackElo "2228"]
[PlyCount "31"]
[EventDate "2018.12.04"]
[EventType "swiss (blitz)"]
[EventRounds "10"]
[EventCountry "USA"]
[SourceTitle "EXT 2021"]
[Source "ChessBase"]
[SourceDate "2020.10.23"]
[SourceVersion "1"]
[SourceVersionDate "2020.10.23"]
[SourceQuality "1"]

1. d4 Nf6 2. Nf3 g6 3. Nc3 Bg7 4. e4 d6 5. Be3 0-0 6. Qd2 a6 7. Bh6 b5 8. Bxg7 Kxg7 9. Bd3 b4 10. Ne2 a5 11. Ng3 Ba6 12. e5 Nd5 13. Be4 c6 14. Nf5+ gxf5 15. Qg5+ Kh8 16. Qxf5 1-0

[Event "Titled Tuesday intern op 6th Nov"]
[Site "Chess.com INT"]
[Date "2018.11.06"]
[Round "4"]
[White "Sohier, Julien"]
[Black "Makarenko, Alexandra"]
[Result "1-0"]
[WhiteElo "2174"]
[BlackElo "2247"]
[PlyCount "111"]
[EventDate "2018.11.06"]
[EventType "swiss (blitz)"]
[EventRounds "10"]
[EventCountry "USA"]
[SourceTitle "EXT 2021"]
[Source "ChessBase"]
[SourceDate "2020.10.23"]
[SourceVersion "1"]
[SourceVersionDate "2020.10.23"]
[SourceQuality "1"]

1. d4 Nf6 2. c4 g6 3. Nc3 Bg7 4. e4 d6 5. f3 0-0 6. Be3 Na6 7. Qd2 Nd7 8. h4 c5 9. d5 Ne5 10. h5 e6 11. hxg6 fxg6 12. 0-0-0 Re8 13. Nh3 exd5 14. Nxd5 Be6 15. Ng5 h5 16. Nxe6 Rxe6 17. Bg5 Qf8 18. Nf4 Ree8 19. Qxd6 Nb4 20. Qxf8+ Rxf8 21. a3 Nbc6 22. Ne6 Rf7 23. Nxc5 Rc8 24. Ne6 Nxc4 25. Bxc4 Na5 26. Rd8+ Rxd8 27. Nxd8 Nxc4 28. Nxf7 Kxf7 29. b3 Nxa3 30. Rd1 Ke6 31. Rd8 Nb5 32. Rg8 Kf7 33. Rb8 b6 34. Rb7+ Kg8 35. Be3 h4 36. Bg5 Bd4 37. Bxh4 a5 38. Bd8 Nd6 39. Rd7 Be3+ 40. Kc2 Nb5 41. Kd3 Bc5 42. Kc4 Nd6+ 43. Kd5 Nb5 44. Kc6 Nd4+ 45. Rxd4 Bxd4 46. Bxb6 Bc3 47. Kb5 Kf7 48. Bxa5 Be5 49. Kc6 Ke6 50. Bc7 Bc3 51. Bd6 g5 52. b4 Kf6 53. b5 g4 54. b6 gxf3 55. gxf3 Ke6 56. b7 1-0

[Event "Satka Autumn op (Women)"]
[Site "Satka"]
[Date "2018.09.17"]
[Round "7"]
[White "Filippova, Darya"]
[Black "Makarenko, Alexandra"]
[Result "0-1"]
[WhiteElo "2061"]
[BlackElo "2247"]
[PlyCount "42"]
[EventDate "2018.09.11"]
[EventType "swiss"]
[EventRounds "9"]
[EventCountry "RUS"]
[SourceTitle "CBM 186 Extra"]
[Source "ChessBase"]
[SourceDate "2018.08.24"]
[SourceVersion "1"]
[SourceVersionDate "2018.08.24"]
[SourceQuality "1"]

1. d4 Nf6 2. Nf3 g6 3. c4 Bg7 4. Nc3 0-0 5. e4 d6 6. h3 Na6 7. Bd3 c5 8. d5 e6 9. 0-0 exd5 10. exd5 Nc7 11. a4 Na6 12. Na2 Re8 13. Re1 Rxe1+ 14. Nxe1 Nd7 15. f4 Nb4 16. Nxb4 cxb4 17. Bc2 Nc5 18. Nd3 Nxd3 19. Bxd3 Qh4 20. Qe2 Bxh3 21. gxh3 Qg3+ 0-1

[Event "Heinola Suomi 100 ottelu Vierumaki"]
[Site "Heinola"]
[Date "2017.11.18"]
[Round "2"]
[White "Feher, Gyula"]
[Black "Makarenko, Alexandra"]
[Result "1/2-1/2"]
[WhiteElo "2341"]
[BlackElo "2277"]
[PlyCount "72"]
[EventDate "2017.11.17"]
[EventType "swiss"]
[EventRounds "3"]
[EventCountry "FIN"]
[SourceTitle "EXT 2022"]
[Source "ChessBase"]
[SourceDate "2021.10.06"]
[SourceVersion "1"]
[SourceVersionDate "2021.10.06"]
[SourceQuality "1"]

1. e4 e5 2. Nf3 Nc6 3. Bb5 a6 4. Ba4 Nf6 5. 0-0 b5 6. Bb3 Bb7 7. d3 Be7 8. a4 0-0 9. Nc3 Nd4 10. Nxd4 exd4 11. Ne2 c5 12. Ng3 d5 13. exd5 Bxd5 14. Nf5 Bxb3 15. cxb3 g6 16. Nxe7+ Qxe7 17. Qf3 bxa4 18. Rxa4 Nd7 19. Bf4 Rfe8 20. h3 Qe2 21. Qc6 Qe6 22. Qb7 Ne5 23. Bxe5 Qxe5 24. Rxa6 Rab8 25. Qf3 Rxb3 26. Ra7 Re7 27. Rxe7 Qxe7 28. Rb1 Kg7 29. Qd1 Qb7 30. Qe2 Qb8 31. g3 h5 32. h4 Qb5 33. Qe5+ Kh7 34. Qd5 Kg7 35. Qe5+ Kh7 36. Qd5 Kg7 1/2-1/2

[Event "Titled Tuesday intern op 3rd Oct"]
[Site "Chess.com INT"]
[Date "2017.10.03"]
[Round "1"]
[White "Alexiadis, Hristos"]
[Black "Makarenko, Alexandra"]
[Result "1-0"]
[WhiteElo "2262"]
[BlackElo "2258"]
[PlyCount "65"]
[EventDate "2017.10.03"]
[EventType "swiss (blitz)"]
[EventRounds "10"]
[EventCountry "USA"]
[SourceTitle "EXT 2021"]
[Source "ChessBase"]
[SourceDate "2020.10.23"]
[SourceVersion "1"]
[SourceVersionDate "2020.10.23"]
[SourceQuality "1"]

1. e4 e5 2. Nf3 Nc6 3. Bc4 Bc5 4. c3 Nf6 5. d3 0-0 6. Bb3 d6 7. Nbd2 Ne7 8. h3 Ng6 9. d4 Bb6 10. 0-0 a6 11. Re1 Qe7 12. Nc4 Ba7 13. a4 h6 14. a5 Be6 15. Qc2 Nh5 16. Ne3 Nhf4 17. Nf5 Qf6 18. Be3 Bxf5 19. exf5 Nh4 20. Nxh4 Qxh4 21. dxe5 dxe5 22. Bxa7 Qg5 23. g3 Rxa7 24. Rxe5 Nxh3+ 25. Kf1 Rd8 26. Rd1 Raa8 27. Red5 Rxd5 28. Rxd5 Re8 29. Qd2 Qf6 30. Rd7 Rf8 31. Qd5 c6 32. Qd3 Qg5 33. Rxb7 1-0